000 00781nam a2200241Ia 4500
003 OSt
005 20220926004811.0
006 a|||||r|||| 00| 0
007 ta
008 220923b |||||||| |||| 00| 0 eng d
020 _a9788132100775
_c722.5
037 _bRKBA/09-10/3976, 20/03/2010, RAJKIRAN BOOK AGENCY
_cGeneral Book
040 _aRTL
_cRTL
_beng
041 _2eng
_aeng
082 _aU2894.2.P, Q0
100 _aKapur Anu
245 0 _aVulnerable India
_b A geographical study of disasters.
260 _a New Delhi
_bSage
_c2010
300 _axxi, 269p. Bibliography: 253-63
_ccm.
650 _aGeography
942 _hU2894.2.P, Q0
_cGB
_2CC
999 _c612298
_d612298